[Event "Groningen Combinatie op"]
[Site "Groningen"]
[Date "2017.05.27"]
[Round "5"]
[White "Balje, Jan"]
[Black "Clemens, Adrian HP"]
[Result "1/2-1/2"]
[WhiteElo "2219"]
[BlackElo "2201"]
[PlyCount "46"]
[EventDate "2017.05.25"]
[EventType "swiss"]
[EventRounds "7"]
[EventCountry "NED"]
[SourceTitle "CBM 178 Extra"]
[Source "ChessBase"]
[SourceDate "2017.06.22"]
[SourceVersion "1"]
[SourceVersionDate "2017.06.22"]
[SourceQuality "1"]

1. d4 Nf6 2. c4 c5 3. d5 g6 4. Nc3 d6 5. e4 Bg7 6. Nf3 0-0 7. Be2 e6 8. 0-0 exd5 9. exd5 Bg4 10. Bg5 Qd7 11. Qd2 Na6 12. h3 Bxf3 13. Bxf3 Kh8 14. Rfe1 Nc7 15. Be2 Rfe8 16. Bf1 b6 17. a4 Rxe1 18. Rxe1 Re8 19. Rxe8+ Ncxe8 20. Bd3 Nc7 21. Nb5 Nxb5 22. axb5 Ne8 23. Qe2 Be5 1/2-1/2

[Event "Hoogeveen Unive op 20th"]
[Site "Hoogeveen"]
[Date "2016.10.19"]
[Round "6"]
[White "Clemens, Adrian HP"]
[Black "De Vries, Bram"]
[Result "1-0"]
[WhiteElo "2162"]
[BlackElo "1984"]
[PlyCount "69"]
[EventDate "2016.10.15"]
[EventType "swiss"]
[EventRounds "9"]
[EventCountry "NED"]
[SourceTitle "EXT 2017"]
[Source "ChessBase"]
[SourceDate "2016.10.25"]
[SourceVersion "1"]
[SourceVersionDate "2016.10.25"]
[SourceQuality "1"]

1. d4 Nf6 2. c4 c5 3. d5 b5 4. Qc2 Na6 5. a3 bxc4 6. e4 e6 7. Bxc4 exd5 8. exd5 Nc7 9. Nc3 Bb7 10. Qd3 d6 11. Nf3 Qe7+ 12. Be3 Qd7 13. 0-0 Be7 14. Rfe1 0-0 15. Bg5 Rfe8 16. h3 h6 17. Bf4 Bf8 18. Rab1 Rxe1+ 19. Nxe1 Re8 20. Nc2 Qd8 21. b4 cxb4 22. Rxb4 Ba8 23. Qd4 Qe7 24. Rb1 Qd7 25. Ne3 a5 26. a4 Be7 27. Qa7 Bd8 28. Rb8 g5 29. Bg3 Qe7 30. Qxa5 Nh5 31. Bh2 Nxd5 32. Ncxd5 Bxd5 33. Qxd5 Nf6 34. Qxd6 Qe4 35. Rxd8 1-0

[Event "Hoogeveen Unive op 20th"]
[Site "Hoogeveen"]
[Date "2016.10.18"]
[Round "4"]
[White "Bensaid, Simon"]
[Black "Clemens, Adrian HP"]
[Result "0-1"]
[WhiteElo "1983"]
[BlackElo "2162"]
[PlyCount "39"]
[EventDate "2016.10.15"]
[EventType "swiss"]
[EventRounds "9"]
[EventCountry "NED"]
[SourceTitle "EXT 2017"]
[Source "ChessBase"]
[SourceDate "2016.10.25"]
[SourceVersion "1"]
[SourceVersionDate "2016.10.25"]
[SourceQuality "1"]

1. e4 c5 2. Nf3 e6 3. d4 cxd4 4. Nxd4 Nc6 5. Nc3 Qc7 6. g3 a6 7. Bg2 d6 8. 0-0 Bd7 9. Nb3 b5 10. Re1 Be7 11. f4 Rc8 12. Ne2 Nf6 13. Bf3 0-0 14. g4 d5 15. f5 Nxe4 16. Bxe4 dxe4 17. Ng3 Nb4 18. c3 Nd3 19. Rxe4 Nxc1 20. Rxc1 0-1

[Event "Hoogeveen Unive op 20th"]
[Site "Hoogeveen"]
[Date "2016.10.17"]
[Round "3"]
[White "Clemens, Adrian HP"]
[Black "Debashis, Das"]
[Result "0-1"]
[WhiteElo "2162"]
[BlackElo "2478"]
[PlyCount "126"]
[EventDate "2016.10.15"]
[EventType "swiss"]
[EventRounds "9"]
[EventCountry "NED"]
[SourceTitle "EXT 2017"]
[Source "ChessBase"]
[SourceDate "2016.10.25"]
[SourceVersion "1"]
[SourceVersionDate "2016.10.25"]
[SourceQuality "1"]

1. d4 Nf6 2. c4 e6 3. Nf3 b6 4. g3 Ba6 5. Qc2 c5 6. d5 exd5 7. cxd5 Bb7 8. Bg2 Nxd5 9. 0-0 Be7 10. Rd1 Nc6 11. Qa4 Nf6 12. e4 0-0 13. Nc3 Qb8 14. Bf4 d6 15. Rd2 Ne5 16. Nh4 g6 17. Bg5 Re8 18. Re1 c4 19. f4 Nd3 20. Ree2 d5 21. exd5 Bc5+ 22. Kh1 Ng4 23. Ne4 Rxe4 24. Bxe4 Ngf2+ 25. Rxf2 Nxf2+ 26. Rxf2 Bxf2 27. Bf6 Qe8 28. Qxc4 Rc8 29. Qd3 Ba6 30. Qf3 Rc1+ 31. Kg2 Bc5 32. Bd3 Bxd3 33. Qxd3 Re1 34. Be5 Qa4 35. d6 Rd1 36. Qe2 Bxd6 37. Bc3 Rd5 38. Nf3 Qc6 39. Qe4 Bf8 40. f5 Bg7 41. f6 Bf8 42. h4 Rd6 43. Ng5 b5 44. a3 Re6 45. Qxc6 Rxc6 46. Ne4 a5 47. Kf3 b4 48. axb4 Bxb4 49. Be5 Kf8 50. Ke3 Ke8 51. Kd4 h6 52. Kd5 Kd7 53. Bf4 Bf8 54. Be5 Rb6 55. Bd4 Rb5+ 56. Kc4 Kc6 57. Kd3 Rb3+ 58. Bc3 Kd5 59. Nd2 Rb5 60. Nc4 Bb4 61. Ne3+ Ke6 62. Kc4 Rc5+ 63. Kd4 Rc8 0-1

[Event "Hoogeveen Unive op 20th"]
[Site "Hoogeveen"]
[Date "2016.10.15"]
[Round "1"]
[White "Clemens, Adrian HP"]
[Black "Shyam, Sundar M"]
[Result "0-1"]
[WhiteElo "2162"]
[BlackElo "2552"]
[PlyCount "82"]
[EventDate "2016.10.15"]
[EventType "swiss"]
[EventRounds "9"]
[EventCountry "NED"]
[SourceTitle "EXT 2017"]
[Source "ChessBase"]
[SourceDate "2016.10.25"]
[SourceVersion "1"]
[SourceVersionDate "2016.10.25"]
[SourceQuality "1"]

1. d4 Nf6 2. c4 e6 3. Nf3 d5 4. Nc3 Bb4 5. Bg5 h6 6. Bxf6 Qxf6 7. e3 0-0 8. Rc1 Rd8 9. a3 Bxc3+ 10. Rxc3 c6 11. Bd3 Nd7 12. 0-0 dxc4 13. Bxc4 b6 14. e4 Bb7 15. Qe2 c5 16. d5 exd5 17. Bxd5 Bxd5 18. exd5 Nf8 19. Rd1 Ng6 20. g3 Rd6 21. Rcd3 Rad8 22. b3 Qf5 23. Qd2 Ne7 24. Nh4 Qxd3 25. Qxd3 Rxd5 26. Qe2 Rxd1+ 27. Kg2 R1d7 28. Qe4 b5 29. Nf3 Rc7 30. Ne5 Rdc8 31. a4 c4 32. bxc4 bxa4 33. Qf3 Ng6 34. Nxg6 fxg6 35. Qd5+ Kh7 36. Qa5 Rxc4 37. Qxa7 Rf8 38. f4 Rc2+ 39. Kh3 Ra2 40. Qd4 Rf5 41. g4 Rb5 0-1

[Event "Leiden Noteboom Memorial 76th"]
[Site "Leiden"]
[Date "2016.02.05"]
[Round "1"]
[White "Clemens, Adrian HP"]
[Black "Korneev, Oleg"]
[Result "1-0"]
[WhiteElo "2160"]
[BlackElo "2581"]
[PlyCount "75"]
[EventDate "2016.02.05"]
[EventType "swiss"]
[EventRounds "6"]
[EventCountry "NED"]
[SourceTitle "CBM 170 Extra"]
[Source "ChessBase"]
[SourceDate "2016.02.25"]
[SourceVersion "1"]
[SourceVersionDate "2016.02.25"]
[SourceQuality "1"]

1. d4 d5 2. c4 e6 3. Nf3 Nf6 4. Nc3 c6 5. e3 Nbd7 6. Qc2 Bd6 7. Bd3 0-0 8. 0-0 dxc4 9. Bxc4 b5 10. Be2 Bb7 11. e4 e5 12. dxe5 Nxe5 13. Nd4 Bc5 14. Nf5 Qb6 15. h3 Bc8 16. Bf4 Re8 17. Ng3 Ng6 18. Bg5 Bd4 19. Nf5 Nxe4 20. Nxd4 Nxg5 21. Rad1 Nf4 22. Bg4 Bxg4 23. hxg4 Rad8 24. Nf5 b4 25. Na4 Qc7 26. Rxd8 Rxd8 27. Re1 Nd5 28. Nc5 g6 29. Qd2 Nf4 30. Nb7 Nfh3+ 31. Kf1 Rf8 32. gxh3 Nf3 33. Qh6 gxf5 34. Re3 Nd2+ 35. Ke2 f6 36. Nc5 Ne4 37. Qxf8+ Kxf8 38. Ne6+ 1-0

[Event "Groningen Compact-A"]
[Site "Groningen"]
[Date "2015.12.30"]
[Round "5"]
[White "Scharft, Johan"]
[Black "Clemens, Adrian HP"]
[Result "1/2-1/2"]
[WhiteElo "1951"]
[BlackElo "2182"]
[PlyCount "47"]
[EventDate "2015.12.26"]
[EventType "swiss"]
[EventRounds "5"]
[EventCountry "NED"]
[SourceTitle "CBM 170 Extra"]
[Source "ChessBase"]
[SourceDate "2016.02.25"]
[SourceVersion "1"]
[SourceVersionDate "2016.02.25"]
[SourceQuality "1"]

1. d4 Nf6 2. Nf3 g6 3. c4 Bg7 4. Nc3 0-0 5. Bf4 d5 6. e3 c5 7. dxc5 Qa5 8. cxd5 Nxd5 9. Be5 Nxc3 10. Qd2 Qxc5 11. Bxg7 Kxg7 12. Rc1 Be6 13. a3 Ne4 14. Rxc5 Nxd2 15. Nxd2 Nd7 16. Rc3 Nb6 17. Bd3 Na4 18. Rc2 Rac8 19. Ke2 Rfd8 20. Rxc8 Rxc8 21. Rb1 Nc5 22. Rc1 Nxd3 23. Rxc8 Bxc8 24. Kxd3 1/2-1/2

[Event "Groningen Compact-A"]
[Site "Groningen"]
[Date "2015.12.27"]
[Round "2"]
[White "Clemens, Adrian HP"]
[Black "Verhoef, Pieter"]
[Result "1/2-1/2"]
[WhiteElo "2182"]
[BlackElo "1992"]
[PlyCount "77"]
[EventDate "2015.12.26"]
[EventType "swiss"]
[EventRounds "5"]
[EventCountry "NED"]
[SourceTitle "CBM 170 Extra"]
[Source "ChessBase"]
[SourceDate "2016.02.25"]
[SourceVersion "1"]
[SourceVersionDate "2016.02.25"]
[SourceQuality "1"]

1. d4 Nf6 2. c4 e6 3. g3 Bb4+ 4. Bd2 Qe7 5. Nf3 Nc6 6. Nc3 Bxc3 7. Bxc3 Ne4 8. Rc1 0-0 9. Bg2 d6 10. d5 Nxc3 11. Rxc3 Nb8 12. dxe6 fxe6 13. Nd4 c6 14. 0-0 Nd7 15. Re3 Nb6 16. b3 Bd7 17. Qd3 Qf6 18. Rf3 Qe7 19. Rxf8+ Rxf8 20. e4 e5 21. Nc2 Rf6 22. Ne3 Qf8 23. Qc3 c5 24. Qd2 Bc6 25. Rd1 Bd7 26. Qe2 Bc6 27. Rd2 Na8 28. Nd5 Bxd5 29. exd5 a5 30. Qe1 Nc7 31. Re2 b6 32. Re4 Rf7 33. Re3 Rf6 34. Qe2 Rf7 35. h4 Qd8 36. a4 Qf8 37. Bh3 Rf6 38. Re4 Rf3 39. Re3 1/2-1/2

[Event "Groningen Atlantis op"]
[Site "Groningen"]
[Date "2015.08.28"]
[Round "3"]
[White "Hummel, Paul"]
[Black "Clemens, Adrian HP"]
[Result "1-0"]
[WhiteElo "2037"]
[BlackElo "2170"]
[PlyCount "45"]
[EventDate "2015.08.27"]
[EventType "swiss"]
[EventRounds "7"]
[EventCountry "NED"]
[SourceTitle "EXT 2016"]
[Source "ChessBase"]
[SourceDate "2015.10.08"]
[SourceVersion "1"]
[SourceVersionDate "2015.10.08"]
[SourceQuality "1"]

1. d4 Nf6 2. Nf3 g6 3. g3 Bg7 4. Bg2 0-0 5. c4 d6 6. 0-0 c6 7. Nc3 Qa5 8. d5 Qa6 9. Nd2 Nbd7 10. dxc6 bxc6 11. Qa4 Qxa4 12. Nxa4 Bb7 13. Nb3 Rac8 14. Be3 Ng4 15. Bd4 Bxd4 16. Nxd4 Nb6 17. Nxb6 axb6 18. b4 Rc7 19. c5 dxc5 20. bxc5 bxc5 21. Nb3 Ba6 22. Nxc5 Bxe2 23. Rfe1 1-0